Mitotic and chromosomal disturbances in the planarian Polycelis felina caused by manganese

Bibliographic Details
Main Authors: Kopjar, Nevenka (Author), Besendorfer, Višnja (Author), Kalafatić, Mirjana (Author)
Format: Article
Language:English

MARC

LEADER 00000nab a2200000uu 4500
001 vtls011439021
003 SK-MaSNL
005 20260303122803.0
008 230213|1997 xo |||||||||||||||||eng|
015 |a SNBRB 
035 |a (urnnbn)urn:nbn:sk:snk:ar-002vmd 
035 |a (uuid)5f51e57d-b87c-46c7-a9fc-22238c06c86e 
035 |a urn:nbn:sk:snk-abcdtg 
040 |a SNKBUCL  |b slo  |c SNKBUCL  |e AACR2 
041 0 |a eng 
044 |a xo  |c SK 
100 1 |a Kopjar, Nevenka  |4 aut  |9 836709 
245 1 0 |a Mitotic and chromosomal disturbances in the planarian Polycelis felina caused by manganese  |c Nevenka Kopjar, Mirjana Kalafatić, Višnja Besendorfer 
700 1 |a Besendorfer, Višnja  |4 aut  |9 1137912 
700 1 |a Kalafatić, Mirjana  |4 aut  |9 1137562 
773 0 |t Biologia : journal of the Slovak Academy of Sciences  |g Roč. 52, č. 3 (1997), s. 469-474 
954 |a odborná, vedecká literatúra cudzojazyčná (svetová)  |2 lita 
958 |a OND 
958 |a EUIPO 
958 |a article16 
999 |c 1922321  |d 1924251